ბათუმის შოთა რუსთაველის სახელმწიფო უნივერსიტეტის ბიბლიოთეკა

მრეწველობის განვითარება და მუშათა კლასის ჩამოყალიბება XIX საუკუნის საქართველოში / (ბიბ.ჩანაწერი № 64145)

000 -ლიდერი
ფიქსირებული სიგრძის საკონტროლო ველი 01619nam a22002057a 4500
003 - საკონტროლო ნომრის იდენტიფიკატორი
საკონტროლო ველი Ge_BSU
005 - ბოლო ოპერაციის თარიღი და დრო
საკონტროლო ველი 20260417174453.0
008 - ფიქსირებული სიგრძის მონაცემთა ელემენტები - ზოგადი ინფორმაცია
ფიქსირებული სიგრძის საკონტროლო ველი 260416s1966 ge ||||| |||| 00| 0 geo d
041 ## - ენის კოდი
Language code of text/sound track or separate title geo
080 ## - უნივერსალური ათობითი კლასიფიკაციის ინდექსი
Universal Decimal Classification number 323.33(479.2)(09) ხ-81
100 ## - მთავარი ჩანაწერი - პიროვნების სახელი
Personal name ხოშტარია, თენგიზ
9 (RLIN) 27328
245 ## - ცნობა სათაურის შესახებ
Title მრეწველობის განვითარება და მუშათა კლასის ჩამოყალიბება XIX საუკუნის საქართველოში /
Remainder of title დამმუშავებელი მრეწველობის განვითარება /
Statement of responsibility, etc ედიშერ ხოშტარია; საქ. სსრ მეცნ. აკად., ივ. ჯავახიშვილის სახ. ისტორიის, არქეოლ. და ეთნოგრ. ინ-ტი.
264 ## - წარმოების, გამოცემის, დისტრიბუციის და სხვა ცნობები
გამოცემის, წარმოების, დისტრიბუციის... ადგილი თბილისი :
გამოცემის, წარმოების, დისტრიბუციის... სახელწოდება მეცნიერება,
გამოცემის, წარმოების, დისტრიბუციის... თარიღი 1966.
300 ## - ფიზიკური აღწერა
Extent 227 გვ. :
Other physical details ცხრილ., 1 ფ. ცხრილ. ;
Dimensions 22 სმ.
500 ## - ზოგადი შენიშვნა
General note პარალელური თავფურცელი რუსულ ენაზე.
504 ## - BIBLIOGRAPHY, ETC. NOTE
Bibliography, etc ბიბლიოგრაფია ტექსტის შენიშვნებში.
653 ## - INDEX TERM--UNCONTROLLED
Uncontrolled term ამიერკავკასიის მრეწველობა
710 ## - ADDED ENTRY--CORPORATE NAME
Corporate name or jurisdiction name as entry element საქართველოს სსრ მეცნიერებათა აკადემია.
Subordinate unit ეკონომიკისა და სამართლის ინსტიტუტი.
9 (RLIN) 27329
942 ## - ADDED ENTRY ELEMENTS (KOHA)
Source of classification or shelving scheme
Koha item type წიგნი
ეგზემპლარები
ჩამოწერის სტატუსი დაკარგული ეგზემპლარის სტატუსი კლასიფიკაციის წყარო ან თაროზე გაწყობის სქემა დაზიანების სტატუსი არ გაიცემა მუდმივი მდებარეობა (დაცვის ადგილი) ამჟამინდელი ადგილსამყოფელი თაროზე განთავსების ადგილი შეძენის თარიღი ღირებულება, შესყიდვის ნორმალური ფასი სრული შენახვის შიფრი შტრიხკოდი ბოლო ოპერაციის თარიღი ეგზემპლარის მიმდევრობითი ნომერი (კეტერი?) ფასის ძალაში შესვლის თარიღი ეგზემპლარის სახეობა საჯარო შენიშვნა
          ბათუმის შოთა რუსთაველის სახელმწიფო უნივერსიტეტის მთავარი ბიბლიოთეკა ბათუმის შოთა რუსთაველის სახელმწიფო უნივერსიტეტის მთავარი ბიბლიოთეკა წიგნსაცავი 2026-04-16 2.44 338.45(479.2)(09) ხ-81 74304 2026-04-16 74304 2026-04-16 წიგნი 2 ლ. 44 თ.